UM Logo

Factor analysis of consumers' attitude toward value added tax in Digos City/ (Record no. 2398)

MARC details
000 -LEADER
fixed length control field 00647nam a22001577a 4500
008 - FIXED-LENGTH DATA ELEMENTS--GENERAL INFORMATION
fixed length control field 160511b xxu||||| |||| 00| 0 eng d
082 ## - DEWEY DECIMAL CLASSIFICATION NUMBER
Edition number 2015
Classification number UT 0571
Item number Es86
100 ## - MAIN ENTRY--PERSONAL NAME
9 (RLIN) 7881
Numeration Estinoso, Renalen Sheen D.
245 ## - TITLE STATEMENT
Title Factor analysis of consumers' attitude toward value added tax in Digos City/
Statement of responsibility, etc. Renalen Sheen D. Estinoso, Honey Grace C. Sarabia and Sarah Jane S. Sultan.
260 ## - PUBLICATION, DISTRIBUTION, ETC. (IMPRINT)
Place of publication, distribution, etc. Digos City:
Name of publisher, distributor, etc. UMDC
Date of publication, distribution, etc. March 2015.
300 ## - PHYSICAL DESCRIPTION
Extent 51 pages;
Dimensions 30 cm.
650 #0 - SUBJECT ADDED ENTRY--TOPICAL TERM
9 (RLIN) 7880
Topical term or geographic name as entry element Business Administration
Form subdivision Financial Management
General subdivision Undergraduate thesis.
700 ## - ADDED ENTRY--PERSONAL NAME
9 (RLIN) 7878
Personal name Sarabia, Honey Grace C.
700 ## - ADDED ENTRY--PERSONAL NAME
9 (RLIN) 7879
Personal name Sultan, Sarah Jane S.
942 ## - ADDED ENTRY ELEMENTS (KOHA)
Source of classification or shelving scheme Dewey Decimal Classification
Koha item type Undergraduate Thesis
Holdings
Withdrawn status Lost status Source of classification or shelving scheme Damaged status Not for loan Collection code Home library Current library Date acquired Total Checkouts Full call number Barcode Date last seen Price effective from Koha item type
    Dewey Decimal Classification     Undergraduate Theses UM Digos College - LIC UM Digos College - LIC 05/11/2016   UT 0571 Es86 2015 UT0571 05/11/2016 05/11/2016 Undergraduate Thesis